La reforma fiscal verde

Wedi'i Gadw mewn:
Manylion Llyfryddiaeth
Prif Awduron: Mata Sierra, María Teresa (autora), Calvo Vérgez, Juan (Awdur)
Fformat: Llyfr
Iaith:Sbaeneg
Cyhoeddwyd: Pamplona Lex Nova Thomson Reuters 2015
Rhifyn:1a. ed
Pynciau:
Tagiau: Ychwanegu Tag
Dim Tagiau, Byddwch y cyntaf i dagio'r cofnod hwn!

MARC

LEADER 00000cam a2200000 a 4500
001 UCD7650
003 CL-VaPUC
008 170331e20150700sp |||||||||||||||||spa|d
020 |a 9788490990728 
082 0 4 |a 344.046  |b MAT  |2 21 
100 |a Mata Sierra, María Teresa  |e autora  |9 591658 
700 0 |a Calvo Vérgez, Juan  |e author  |9 591659 
245 1 3 |a La reforma fiscal verde 
250 |a 1a. ed 
300 |a 481 p 
942 |c BK 
945 |d 20170331 00:58:00  |a arojas 
260 |a Pamplona  |b Lex Nova Thomson Reuters  |c 2015 
650 0 |a Derecho ambiental   |9 257835 
650 0 |a Recursos naturales  |9 255232 
650 0 |a Protección del medio ambiente  |9 257626 
650 0 |a Recursos de protección ambiental   |9 589374 
583 |a last modification  |c 20170331 00:58:00  |k Rodrigo Vera 
999 |c 367624  |d 367622 
952 |0 0  |1 0  |3 erd  |4 0  |6 344_046000000000000_MAT_2015  |7 0  |8 A  |9 482617  |a BIBDER  |b BIBDER  |i 5370051  |o 344.046 MAT 2015  |p 5370051  |r 2023-01-25  |w 2019-11-24  |y BK  |z Catalogado en:20170331  |k DER